| 000 | 01000nam a2200289 i 4500 | ||
|---|---|---|---|
| 003 | DO-SdBNP | ||
| 005 | 20250729075213.0 | ||
| 007 | ta | ||
| 008 | 250729s200u dr 000 0 spa d | ||
| 040 |
_aDO-SdBNP _bspa _cBNPHU _erda |
||
| 041 | _aspa | ||
| 082 |
_a346.7293043 _bR426L, 200- _222 |
||
| 110 | 1 |
_aRepùblica Dominicana _bCongreso Nacional _916501 |
|
| 240 | 1 | 0 | _a[Leyes, etc.] |
| 245 | 1 | 0 | _aLey 108-05 de registro inmobiliario./ |
| 246 | 1 |
_aLey de registro inmobiliario (No. 108-05) : _bmod. por la Ley No. 51-07, del 23 de abril del 2007 / |
|
| 264 |
_aSanto Domingo : _b[Congreso Nacional], _c[2008]. |
||
| 300 |
_a49 páginas ; _c21 cm. |
||
| 336 |
_atexto _btxt _2rdacontent |
||
| 337 |
_asin mediación _bn _2rdamedia |
||
| 338 |
_avolumen _bnc _2rdacarrier |
||
| 590 | _aInventariado, 2025/ YL | ||
| 650 | 4 |
_aRegistro de propiedad _zRepública Dominicana _93033 |
|
| 650 | 4 |
_aBienes raíces _xLegislación _914523 _zRepública Dominicana |
|
| 910 | _aYLockward | ||
| 942 |
_2ddc _cLF2 |
||
| 999 |
_c59659 _d59659 |
||